000 00621nam a2200241Ia 4500
003 OSt
005 20220918185119.0
006 a|||||r|||| 00| 0
007 ta
008 220917b |||||||| |||| 00| 0 eng d
024 _a49,604
037 _cTextual
040 _aARTS
_cARTS
_beng
041 _2eng
_aeng
082 _aP,795, L5
100 _aSteiner G
_967808
245 0 _aAfter Babel
_b Aspect of language and translation
260 _aLondon
_bO U P
_c1975
300 _aviii, 507p.
_ccm.
650 _aLINGUISTICS
942 _hP,795, L5
_cTEXL
_2CC
999 _c179226
_d179226